000 00583nam a2200181 a 4500
001 000022136
005 20200930011610.0
008 100917s1993 dr 000 0 spa d
040 _aDO-SdBNP
_bspa
_cBNPHU
082 _axxx
_bM538r
100 1 _aMéndez, Mario
_945014
245 1 0 _aReformas y lucha de intereses /
_cMario Méndez ; prólogo Hugo Guiliani Cury.
260 _aSanto Domingo :
_bCorripio,
_c1993.
300 _a201 p. ;
_c24 cm.
500 _aIncluye datos biográficos del autor en la contrcubierta.
700 1 _aGuiliani Cury, Hugo
_epról.
_96465
049 _aBNPD
999 _c21634
_d21634